<?xml version="1.0" encoding="UTF-8"?>
<record
    xmlns:xsi="http://www.w3.org/2001/XMLSchema-instance"
    xsi:schemaLocation="http://www.loc.gov/MARC21/slim http://www.loc.gov/standards/marcxml/schema/MARC21slim.xsd"
    xmlns="http://www.loc.gov/MARC21/slim">

  <leader>00872    a2200241   4500</leader>
  <controlfield tag="005">20250306141058.0</controlfield>
  <datafield tag="010" ind1=" " ind2=" ">
    <subfield code="a">ENG-143969</subfield>
  </datafield>
  <datafield tag="020" ind1=" " ind2=" ">
    <subfield code="a">9789390514434</subfield>
    <subfield code="c">895.00</subfield>
  </datafield>
  <datafield tag="035" ind1=" " ind2=" ">
    <subfield code="a">EN-127501</subfield>
  </datafield>
  <datafield tag="037" ind1=" " ind2=" ">
    <subfield code="b">DBAD</subfield>
  </datafield>
  <datafield tag="082" ind1=" " ind2=" ">
    <subfield code="a">323</subfield>
  </datafield>
  <datafield tag="245" ind1=" " ind2=" ">
    <subfield code="a">Gender in South Asia and Beyond:</subfield>
    <subfield code="b">Essays in Honour of Patricia Jeffrery/</subfield>
    <subfield code="c">Edited By Shruti Chaudhry; Hugo Gorringe [and] Radhika Govinda</subfield>
  </datafield>
  <datafield tag="250" ind1=" " ind2=" ">
    <subfield code="a">1</subfield>
  </datafield>
  <datafield tag="260" ind1=" " ind2=" ">
    <subfield code="a">New Delhi</subfield>
    <subfield code="b">Zubaan,</subfield>
    <subfield code="c">2024</subfield>
  </datafield>
  <datafield tag="270" ind1=" " ind2=" ">
    <subfield code="a">K-92, Ist Floor, Hauz Khas Enclave</subfield>
    <subfield code="b">New Delhi</subfield>
    <subfield code="c">Delhi</subfield>
    <subfield code="e">110016</subfield>
    <subfield code="m">zubaanwbooks@vsnl.net</subfield>
  </datafield>
  <datafield tag="300" ind1=" " ind2=" ">
    <subfield code="a">311p. :</subfield>
    <subfield code="c">21cm.(Hb)</subfield>
  </datafield>
  <datafield tag="650" ind1=" " ind2=" ">
    <subfield code="a">Poor women</subfield>
    <subfield code="z">India</subfield>
    <subfield code="z">Maharashtra</subfield>
    <subfield code="9">79325</subfield>
  </datafield>
  <datafield tag="650" ind1=" " ind2=" ">
    <subfield code="a">Dalits</subfield>
    <subfield code="z">India</subfield>
    <subfield code="z">Maharashtra</subfield>
    <subfield code="9">79326</subfield>
  </datafield>
  <datafield tag="700" ind1=" " ind2=" ">
    <subfield code="a">Gorringe, Hugo </subfield>
    <subfield code="e">Editor</subfield>
    <subfield code="9">79327</subfield>
  </datafield>
  <datafield tag="700" ind1=" " ind2=" ">
    <subfield code="a">Chaudhry, Shruti </subfield>
    <subfield code="e">Editor</subfield>
    <subfield code="9">79328</subfield>
  </datafield>
  <datafield tag="700" ind1=" " ind2=" ">
    <subfield code="a">Radhika Govinda</subfield>
    <subfield code="e">Editor</subfield>
    <subfield code="9">79329</subfield>
  </datafield>
  <datafield tag="942" ind1=" " ind2=" ">
    <subfield code="a">dpl</subfield>
    <subfield code="c">EN</subfield>
    <subfield code="2">ddc</subfield>
    <subfield code="h">323</subfield>
    <subfield code="m">GEN</subfield>
  </datafield>
  <datafield tag="999" ind1=" " ind2=" ">
    <subfield code="c">210126</subfield>
    <subfield code="d">210126</subfield>
  </datafield>
  <datafield tag="952" ind1=" " ind2=" ">
    <subfield code="0">0</subfield>
    <subfield code="1">0</subfield>
    <subfield code="4">0</subfield>
    <subfield code="7">0</subfield>
    <subfield code="8">NFIC</subfield>
    <subfield code="a">BN</subfield>
    <subfield code="b">BN</subfield>
    <subfield code="d">2025-03-06</subfield>
    <subfield code="e">Delivery of Books Act Division</subfield>
    <subfield code="g">895.00</subfield>
    <subfield code="l">0</subfield>
    <subfield code="o">323 GEN</subfield>
    <subfield code="p">EN-127501</subfield>
    <subfield code="r">2025-03-06 00:00:00</subfield>
    <subfield code="t">1</subfield>
    <subfield code="v">895.00</subfield>
    <subfield code="w">2025-03-06</subfield>
    <subfield code="y">EN</subfield>
  </datafield>
</record>
